000 01255nam a2200325 c 4500
003 BLK
005 20180422105648.0
008 180409b bul|||||r ||||||| ||bul||
010 _aKNG00110695000
020 _a954-01-1355-5
_bиздат.: Просвета
040 _aBLK
041 _aBUL
_cBUL
080 _aОснови на четенето. Методи на обучение в четенето
_b372.41
_x(082)(075.2)
_z372.41(082)(075.2)
700 1 _aПопов, Владимир
_eсъстав.
_9369296
139 _aПопов, Владимир
_bИ 38
245 1 0 _aИзворче вълшебно
_bУч. помагало за извънкласно четене - І кл.
_cсъстав. Владимир Попов.
257 _aBGR
260 София
_bПросвета
_c2002
_fПловдив : Нова Тимкомпакт
300 _a112 с.
_bс ил.
_c24 см
380 _a3
500 _aОфс. изд.
650 4 _aЧетене - христоматии - учебни помагала
_9246385
653 _aхристоматии
653 _aчетене
852 _aЦб 217793
856 4 _qpdf
_u
856 4 _qpdf
_u
942 _cKNG
_n0
944 _aCR
_c02.02.2004
_kЛюдмила_Стоянова
944 _aED
_c01.03.2004
_k
999 _c105472
_d105472